00953nam a2200229 i 4500001000400000100001700004245007700021260005200098300003300150490009000183505004100273650005900314650002100373650003400394655002900428830009000457020002100547040000800568041000800576008004100584856009800625bgj1 aSPRATT, Mary10aEnglish for the teacher :ba language development course /cMary Spratt. aCambridge :bCambridge University Press,c1994. aXI, 158 pp :bill. ;c25 cm.1 aCambridge teacher training and development / [ed. by] Ruth Gairns and Marion Williams aIncludes tapescripts and answer key. 9aEnglish languagexStudy and teachingxForeign speakers 9aEnglish language 9aEnglish teachersxTraining of aTextbooks for foreigners 0aCambridge teacher training and development ([ed. by] Ruth Gairns and Marion Williams) a0521426766 (pbk) cBPK0 aeng s uk f |000 0 eng  uhttp://koha.tu.koszalin.pl/cgi-bin/koha/opac-detail.pl?biblionumber=48080yKatalog online BPK